{"text_format":"3","workbook":"xls","n_sheets":2,"sheets":["常规机","带安卓机"],"read":"whole","date_system":"1900","formulas":"cached_only"}

{"sheet":"常规机","index":0,"n_rows":16,"n_cols":8,"rows_kept":16,"merged":[[0,0,0,7],[14,2,14,7],[15,0,26,7]],"flags":["formulas_cached_only"]}
["院本部新增多媒体教室设备采购报价单"]
["序\n号","名称","规格型号","单位","数量","单项\n报价","小计","备注"]
[1,"松下投影机","PT-X416C 1024*768 4100流明/16000:1零秒关机","台",10]
[2,"钢制讲台","拓成1.2米：采用1.0-1.2mm厚武钢优质冷轧钢板。支持液晶显示器的安装，钢化玻璃，讲台台面进行无缝设计。表面经酸洗、磷化防腐防锈后静电喷塑处理、喷后均匀，光洁度好，塑面经久耐用","张",10]
[3,"电脑","扬天i3 7100/4G/500G/19.5 ,主板带硬盘保护，还原","台",10]
[4,"VGA分配器","一分二","个",10]
[5,"功放","ANE SA-100 80W X/2信燥比75DB，谐波失真：<=0.18% 1KHZ","台",10]
[6,"壁挂定阻音箱","8寸2路全频，ANE  P-106B阻抗：8欧姆，灵敏度：91DB，频率响应：45HZ－20KHZ","对",10]
[7,"话筒","ANE P-200","个",10]
[8,"幕布","红叶100寸电动","块",10]
[9,"PPT演示笔","诺为N31 ppt翻页笔（黑）","个",10]
[10,"VGA线","25米","根",10]
[11,"投影机吊架","加固型","套",10]
[12,"安装辅助材料",null,"套",10]
[null,"合计"]
["一、质量要求\n1、投标方提供的货物（服务）必须达到相应的国际标准（国家标准）、本采购文件的所有技术要求及规定，产品必须是原厂生产的完整的、全新的、高质量的和工艺精良的合格正品并列出所供货物的标准配置清单。\n2、产品应有牢固的包装措施，保证产品安全，不受损坏和损伤。产品必须安全运达招标文件规定的交货地点。\n3、中标方所提供的货物（服务）需经采购方和相关部门（采购单位认为有必要的话）验收，如发现任何质量问题，经产品质量检测机构检测认定质量不合格的，采购人有权提出更换、拒收和索赔要求，由此产生的责任损失应由卖方负责。采购人可从产品质量保证金中扣除所产生的费用损失。\n4、中标方须提供完整的技术资料（包括产品说明书、用户手册、出厂明细表或装箱单、质量合格证及其它相关文件资料等）。\n5、买方可对卖方所提供的货物进行抽样送买方指定的检测机构检测，所发生的检测费用由卖方承担。抽取样本数量不多于国家规范要求。\n6、为了保证整个项目的质量以及系统良好的运行性能，投标方保证所提供的全部产品、材料及配件是直接从正规的供货商处采购，并附原产地证书，各项指标完全符合厂家技术文件的规定及指标。所有货物在开箱检验时必须完好、无破损，配置与装箱单相符，数量、质量及性能不低于本需求书中提出的要求。\n二、售后服务要求\n1、质保期限（保质期从验收合格并正式交付给使用单位之日起计算）\n（1）整个项目必须至少提供三年免费保修期，保修期从验收合格正式交付给使用单位之日起计算。所有的设备若在保修期内发现有质量问题，应免费更换有质量问题的设备。\n（2）投标方可以根据自己的情况，提供三年以上的免费保修期。\n2、质保期内的服务\n供应商必须为交付的所有货物按照国家的相关法规提供免费保修。在产品保修期内，一旦发生质量问题，供应商在接到通知（包括电话通知）后4小时响应，详细了解情况并及时反馈；24小时内派人到达现场完全修复或更换，费用由供应商负责。如供应商在接到通知（包括电话通知）4小时内没响应，24小时内没派人到达现场完全修复或更换，则视为供应商承认质量问题并承担由此而发生的一切费用。保修期间产品的一切质量问题，更换部件及产品本身质量原因造成的直接经济损失应全部由供应商自行负责。\n3、在设备的设计使用寿命周期内，中标人应能保证使用方更换到原厂正宗的零部件，确保设备的正常使用，投标人必须提供及时提供生产厂家配件的承诺书。在使用过程若需要调换配件，在保修期内凡非使用者人为引起的，一切费用由中标方承担。如人为造成或保修期外需维修的中标方可收取维修材料费。\n4、技术支持：保修期届满后，承诺对设备进行终身维护，有责任在设备使用地对设备进行必要的维护或修理，将随时解答客户各类技术问题，向用户提供技术支援。\n5、投标人在投标文件中提供其他有价值的服务的方案（如定期维修保养、人员培训、技术保障等）。\n6、投标人详细具表说明所投设备的质量保证期情况。\n三、专用工具及备品备件：\n中标人应免费提供一套维修所需的专用工具及清单和设备在质量保证期内所需的备品备件。\n四、交货期限：\n中标供应商必须于合同签订后10日内，根据采购人的要求供货，并将货物运送到指定地点免费安装调试完毕。\n五、其它\n1、中标单位在签订合同时，若坚持提出附加条件和不合理要求，中标资格将被取消，该中标人对由此产生的一切后果负责。\n2、货物由使用单位组织人员验收，并出具货物质量验收报告。"]

{"sheet":"带安卓机","index":1,"n_rows":15,"n_cols":8,"rows_kept":15,"merged":[[0,0,0,7],[17,3,17,7],[18,3,18,7]],"flags":["formulas_cached_only"]}
["永州职业技术学院多媒体设备报价表(长虹)"]
["编号","名称","规格型号","单位","数量","单价","小计","备注"]
[1,"长虹投影机","P5X36  1280*800 3600流明/15000：零秒关机，安卓系统激光机","台",10,16000,160000]
[2,"钢制讲台","拓成1.2米","张",10,1800,18000]
[3,"电脑","杨天i3 7100/4G/500G/19.5 ,主板带硬盘保护，还原","台",10,3860,38600]
[4,"VGA分配器","一分二","个",10,120,1200]
[5,"功放","ANE SA-100 80W X/2信燥比75DB，谐波失真：<=0.18% 1KHZ","台",10,1500,15000]
[6,"壁挂定阻音箱","8寸2路全频，ANE P-106B 阻抗：8欧姆，灵敏度：91DB，频率响应：45HZ－20KHZ","对",10,1100,11000]
[7,"话筒","ANE P-200","个",10,300,3000]
[8,"幕布","红叶100寸电动","块",10,650,6500]
[9,"PPT演示笔","诺为N31 ppt翻页笔（黑）","个",10,90,900]
[10,"VGA线","25米","根",10,200,2000]
[11,"投影机吊架","加固型","套",10,300,3000]
[12,"安装辅助材料",null,"套",10,500,5000]
["F","合计","D+E",{"$nulls":3},264200,"含税及安装"]